NFl Player that start with J - Statistics

General Stats
  • This quiz has been taken 14 times
  • The average score is 28 of 75
Answer Stats
Hint Answer Teams % Correct
WR Jaylen Waddle Mia
92%
WR Justin Jefferson Min
92%
QB Jalen Hurts Phil
83%
WR Ja'Marr Chase Cin
83%
C Jason Kelce Phi
83%
QB Joe Burrow Cin
83%
K Justin Tucker Bal
83%
CB Jaire Alexander Gre
75%
CB Jalen Ramsey Mia
75%
QB Jared Goff Det
75%
WR Jerry Jeudy Den
75%
DT Jonathan Allen Was
75%
HB Jonathan Taylor Ind
75%
QB Josh Allen Buf
75%
LOLB Josh Allen Jac
75%
QB Jordan Love Gre
67%
HB Josh Jacobs Las
67%
QB Joshua Dobbs Ari
67%
QB Justin Fields Chi
67%
HB Jamaal Williams New
58%
SS Jamal Adams Sea
58%
HB Javonte Williams Den
58%
RE Jeffrey Simmons Ten
58%
LG Joel Bitonio Cle
58%
HB Joe Mixon Cin
58%
ROLB Joey Bosa Los
58%
CB Jonathan Jones New
58%
SS Jordan Poyer Buf
58%
FS Justin Simmons Den
58%
CB Jaylon Johnson Chi
50%
FS Jessie Bates Atl
50%
QB Justin Herbert Los
50%
WR Jakobi Meyers Las
42%
HB James Conner Ari
42%
QB Jimmy Garoppolo Las
42%
LG Joe Thuney Kan
42%
DT Jalen Carter Phi
33%
FS Jevon Holland Mia
33%
DT Jordan Davis Phil
33%
SS Justin Reid Kan
33%
SS Jabrill Peppers New
25%
K Jake Elliott Phi
25%
CB James Bradberry Phi
25%
P Johnny Hekker Car
25%
RT Jack Conklin Cle
17%
LOLB Jaelan Phillips Mia
17%
HB Jaleel McLaughlin Den
17%
QB Jarrett Stidham Den
17%
DT Javon Hargrave San
17%
CB Jaycee Horn Car
17%
MLB Jordyn Brooks Sea
17%
WR JuJu Smith-Schuster New
17%
LOLB Jadeveon Clowney Bal
8%
LT Jake Matthews Atl
8%
FS Jalen Thompson Ari
8%
CB Jamel Dean Tam
8%
CB Jeremy Chin Car
8%
MLB Jerome Baker Mia
8%
SS Jimmie Ward Hou
8%
LE John Franklin-Myers New
8%
LT Jordan Mailata Phi
8%
FS Jordan Whitehead New
8%
MLB Josey Jewell Den
8%
WR Jalen Virgil Den
0%
QB Jamies Winston New
0%
CB Ja'Quan McMillian Den
0%
MLB Ja'Whaun Bentley New
0%
SS Jayron Kearse Dal
0%
ROLB Jeremiah Owusu-Koramoah Cle
0%
SS JL Skinner Den
0%
MLB Jonas Griffith Den
0%
LOLB Jonathan Cooper Den
0%
RE Josh Sweat Phi
0%
ROLB Josh Uche New
0%
MLB Justin Strnad Den
0%
No matching quizzes found
Score Distribution
Percent of People with Each Score
Percentile by Number Answered
Your Score History
You have not taken this quiz